| 000 | 00932nam a2200289 i 4500 | ||
|---|---|---|---|
| 999 |
_c200439934 _d58146 |
||
| 003 | TR-AnTOB | ||
| 005 | 20220810094248.0 | ||
| 007 | ta | ||
| 008 | 210311s1965 tu g 00| 0 tur d | ||
| 040 |
_aTR-AnTOB _beng _erda _cTR-AnTOB |
||
| 041 | 0 | _atur | |
| 050 | 4 |
_aTE270 _b.M33 1965 |
|
| 090 |
_aTE270 _b.M33 1965 |
||
| 100 | 1 |
_9129557 _aMaden, Süleyman _eauthor |
|
| 245 | 1 | 0 |
_aYol yapımında bitümlü stabilizasyonlar / _cSüleyman Maden. |
| 264 | 1 |
_aAnkara : _bT.C. Bayındırlık Bakanlığı Karayolları Genel Müdürlüğü, _c1965. |
|
| 300 |
_a185 pages : _bgraphics, tables ; _c24 cm |
||
| 336 |
_2rdacontent _atext _btxt |
||
| 337 |
_2rdamedia _aunmediated _bn |
||
| 338 |
_2rdacarrier _avolume _bnc |
||
| 504 | _aBIB | ||
| 650 | 7 |
_aYol kaplamaları, Bitumlu _2etuturkob _9138074 |
|
| 650 | 7 |
_aYol malzemeleri _2etuturkob _9138075 |
|
| 942 |
_2lcc _cBK |
||